000 00944nam a2200229 i 4500
001 bg
100 1 _aKabaj, Mieczysław
_d(1933- ).
245 1 0 _aProgram przeciwdziałania ubóstwu i bezrobociu /
_cMieczysław Kabaj.
260 _aWarszawa :
_bInstytut Pracy i Spraw Socjalnych,
_c2000.
300 _a120, [1] s. :
_bil., mapa ;
_c24 cm.
490 1 _aRaport IPiSS,
_x1230-2872 ;
_vz. 19
650 9 _aBezrobocie
_xzapobieganie i zwalczanie
_xprojekty
_zPolska
_yod 1989 r.
650 9 _aBezrobocie
_zPolska
_yod 1989 r.
650 9 _aUbóstwo
_xzapobieganie i zwalczanie
_xprojekty
_zPolska
_yod 1989 r.
830 _aRaport IPiSS,
_x1230-2872 ;
040 _cBPK
041 0 _apl
080 _a331.56/.57:316.344-058.34](438)"1989/..."(083.41)
942 _cKS
008 s pl f |000 0 pol
999 _c42211
_d42211
856 _uhttp://koha.tu.koszalin.pl/cgi-bin/koha/opac-detail.pl?biblionumber=42211
_yKatalog online BPK